[Event "IECG TG-2003-0-14907"]
[Site "IECG email"]
[Date "2003.06.01"]
[Round "2"]
[White "Livingstone, Graeme"]
[Black "Malicki, Matthew"]
[Result "0-1"]
[WhiteElo "800"]
[BlackElo "800"]
[PlyCount "88"]
[EventDate "2003.06.01"]
[EventType "tourn (corr)"]
[EventRounds "6"]
[SourceTitle "Corr 2024"]
[Source "ChessBase"]
[SourceDate "2023.10.19"]
[SourceVersion "1"]
[SourceVersionDate "2023.10.19"]
[SourceQuality "1"]

1. e4 c5 2. Bc4 Nc6 3. Nc3 e6 4. e5 Nxe5 5. Qe2 Nxc4 6. Qxc4 a6 7. d4 b5 8. Qd3 c4 9. Qe2 b4 10. Nd5 Bb7 11. Nf4 g5 12. Nf3 gxf4 13. Ne5 d6 14. Bxf4 dxe5 15. Bxe5 Nf6 16. f3 Rc8 17. g4 Rg8 18. h4 Nxg4 19. Rg1 Nh6 20. Rxg8 Nxg8 21. Qf2 Bd6 22. Qg3 Ke7 23. Qg5+ Kd7 24. Qh5 Bxe5 25. dxe5 Kc7 26. Qxf7+ Qe7 27. Qf4 Qc5 28. 0-0-0 b3 29. a3 bxc2 30. Kxc2 Qf2+ 31. Kc1 Qxf3 32. Qd4 Qd5 33. Qc3 Qf3 34. Qa5+ Kb8 35. Rd7 c3 36. b4 Qe3+ 37. Kc2 Be4+ 38. Kb3 c2+ 39. Ka4 Bc6+ 40. b5 Qe4+ 41. Qb4 Qxb4+ 42. Kxb4 Bxd7 43. a4 c1Q 44. b6 Qc3# 0-1

[Event "IECC TH-M email"]
[Site "IECC email"]
[Date "2003.05.19"]
[Round "?"]
[White "Malicki, Matthew"]
[Black "Pascual, Orlando B"]
[Result "0-1"]
[WhiteElo "1813"]
[BlackElo "1666"]
[PlyCount "42"]
[EventDate "2003.??.??"]
[EventType "match (corr)"]
[EventRounds "2"]
[SourceTitle "Corr 2008"]
[Source "ChessBase"]
[SourceDate "2008.06.24"]
[SourceVersion "1"]
[SourceVersionDate "2008.06.24"]
[SourceQuality "1"]

1. e4 c5 2. Nf3 d6 3. d4 cxd4 4. Nxd4 Nf6 5. Nc3 g6 6. Be3 Bg7 7. f3 Nc6 8. Qd2 Bd7 9. Bc4 a6 10. 0-0-0 Rc8 11. Bb3 Ne5 12. Kb1 b5 13. h4 h5 14. Bg5 b4 15. Nd5 Nxd5 16. Bxd5 a5 17. Rhe1 Qb6 18. f4 Nc4 19. Bxc4 Rxc4 20. e5 dxe5 21. fxe5 Bg4 0-1

[Event "IECC M email"]
[Site "IECC email"]
[Date "2003.05.14"]
[Round "?"]
[White "Malicki, Matthew"]
[Black "Koolsbergen, Nico"]
[Result "0-1"]
[WhiteElo "1871"]
[BlackElo "2001"]
[PlyCount "46"]
[EventDate "2003.??.??"]
[EventType "tourn (corr)"]
[EventRounds "6"]
[SourceTitle "Corr 2008"]
[Source "ChessBase"]
[SourceDate "2008.06.24"]
[SourceVersion "1"]
[SourceVersionDate "2008.06.24"]
[SourceQuality "1"]

1. e4 e6 2. d4 d5 3. Nc3 Nf6 4. Bg5 Bb4 5. e5 h6 6. Bd2 Bxc3 7. bxc3 Ne4 8. Qg4 g6 9. Bd3 Nxd2 10. Kxd2 c5 11. h4 Qa5 12. Bxg6 Rg8 13. Bxf7+ Kxf7 14. Qf4+ Ke8 15. Rh3 cxd4 16. Rf3 dxc3+ 17. Rxc3 Nc6 18. Nf3 Rf8 19. Qxh6 d4 20. Qg6+ Rf7 21. Qg8+ Ke7 22. Qg5+ Kf8 23. Qh6+ Ke8 0-1